| 000 | 00337 a2200133 4500 | ||
|---|---|---|---|
| 001 | 44406 | ||
| 082 | _a512.942 YOU | ||
| 090 |
_c28132 _d28132 |
||
| 100 | _aYoung M. David ; Adair | ||
| 245 | _aIterative solution of large linear systems, 1/e | ||
| 250 | _a1 | ||
| 260 |
_aNY _bDover publications _c1971/2003 |
||
| 300 | _axxiv, 570 | ||
| 942 |
_aNUST-CAE _k512.942 YOU |
||
| 999 |
_c279479 _d279479 |
||